000 00342cam a2200145ua 4500
041 _aeng
_h
082 _a823.308
_bBRO/WU
100 _aBronte, Emily .
245 _aWuthering heights /
_cEmily Bronte.
_hTextual Documents
260 _aLondon :
_bLongman ,
_c1965.
300 _a170 ; .
504 _a
942 _cBK
999 _c5874
_d5874